| 000 | 01128nam a2200301Mi 4500 | ||
|---|---|---|---|
| 001 | 50674 | ||
| 005 | 20230411090004.0 | ||
| 008 | 071015s2007 sp 000 0 spa d | ||
| 035 | _a(OCoLC)ocn180755921 | ||
| 040 |
_aPL# _bspa _cPL# |
||
| 020 | _a8496859037 | ||
| 020 | _a9788496859036 | ||
| 029 | 0 |
_aPL# _b070014110 |
|
| 035 | _a(OCoLC)180755921 | ||
| 049 | _aGRAL | ||
| 100 | 1 |
_aAlthusser, Louis, _d1918-1990. |
|
| 245 | 1 | 0 |
_aPolítica e historia : _bde Maquiavelo a Marx : cursos en la Escuela Normal Superior 1955-1972 / _cLouis Althusser ; texto establecido, presentado y anotado por Francois Matheron ; traducido por Sandra Garzonio. |
| 250 | _a1 ed. | ||
| 260 |
_aMadrid : _bKatz Editores, _c2007. |
||
| 300 |
_a384 p. ; _c23 cm. |
||
| 500 | _aTâit. orig.: Politique et histoire, de Machiavel á Marx. Cours á l'Ecole normale supérieure. 1955-1972.-- ISBN Argentina: 978-987-1283-47-7. | ||
| 653 | _aFilosofía política. | ||
| 700 | 1 |
_aMatheron, Francois, _eed. |
|
| 700 | 1 |
_aGarzonio, Sandra, _etr. |
|
| 938 |
_aPuvill Libros _bPUVL _n9788496859036 _c$39.13 |
||
| 942 |
_2lcc _cbk |
||
| 994 |
_aC0 _bDRFGD |
||
| 999 |
_c110493 _d110493 |
||